[Event "Turniej Blitza na II Lidze Juniorów 2018"]
[Site "Szczyrk, Poland"]
[Date "????.??.??"]
[Round "9.18"]
[White "Radecki, Adam"]
[Black "Syrkiewicz, Michal"]
[Result "1-0"]
[TimeControl "3'+2\""]
[WhiteElo "1782"]
[BlackElo "1518"]

1. e4 {[%clk 00:03:03]} {[%emt 00:01:06]} e6 {[%clk 00:03:04]} 2. d3 {[%clk
00:03:03]} {[%emt 00:00:03]} c5 {[%clk 00:03:04]} {[%emt 00:00:01]} 3. g3
{[%clk 00:03:03]} {[%emt 00:00:02]} d5 {[%clk 00:03:05]} 4. Nd2 {[%clk
00:03:04]} {[%emt 00:00:02]} Bd6 {[%clk 00:03:05]} {[%emt 00:00:02]} 5. Bg2
{[%clk 00:03:05]} {[%emt 00:00:02]} Ne7 {[%clk 00:03:06]} 6. Ngf3 {[%clk
00:03:05]} {[%emt 00:00:02]} Nbc6 {[%clk 00:03:06]} {[%emt 00:00:01]} 7. O-O
{[%clk 00:03:06]} {[%emt 00:00:02]} O-O {[%clk 00:03:06]} {[%emt 00:00:03]} 8.
c3 {[%clk 00:03:07]} Qc7 {[%clk 00:03:00]} {[%emt 00:00:08]} 9. Nh4 {[%clk
00:03:07]} {[%emt 00:00:02]} f6 {[%clk 00:02:56]} {[%emt 00:00:06]} 10. f4
{[%clk 00:03:08]} {[%emt 00:00:01]} d4 {[%clk 00:02:50]} {[%emt 00:00:09]} 11.
c4 {[%clk 00:03:05]} {[%emt 00:00:04]} e5 {[%clk 00:02:50]} {[%emt 00:00:02]}
12. f5 {[%clk 00:03:05]} {[%emt 00:00:03]} a6 {[%clk 00:02:50]} 13. g4 {[%clk
00:03:00]} {[%emt 00:00:07]} b5 {[%clk 00:02:40]} {[%emt 00:00:12]} 14. Qe1
{[%clk 00:03:00]} {[%emt 00:00:02]} Nb4 {[%clk 00:02:40]} {[%emt 00:00:02]} 15.
Qg3 {[%clk 00:02:58]} {[%emt 00:00:03]} Nc2 {[%clk 00:02:32]} {[%emt 00:00:11]}
16. Rb1 {[%clk 00:02:55]} {[%emt 00:00:06]} Ne3 {[%clk 00:02:33]} 17. Re1
{[%clk 00:02:49]} {[%emt 00:00:08]} Bb7 {[%clk 00:02:09]} {[%emt 00:00:25]} 18.
b3 {[%clk 00:02:46]} {[%emt 00:00:05]} Nc6 {[%clk 00:02:02]} {[%emt 00:00:10]}
19. Ndf3 {[%clk 00:02:42]} {[%emt 00:00:05]} Nxg2 {[%clk 00:01:55]} {[%emt
00:00:08]} 20. Qxg2 {[%clk 00:02:42]} {[%emt 00:00:02]} Nb4 {[%clk 00:01:56]}
{[%emt 00:00:02]} 21. Rd1 {[%clk 00:02:30]} {[%emt 00:00:15]} Qa5 {[%clk
00:01:47]} {[%emt 00:00:11]} 22. a3 {[%clk 00:02:25]} {[%emt 00:00:06]} Nc6
{[%clk 00:01:47]} {[%emt 00:00:02]} 23. g5 {[%clk 00:02:26]} {[%emt 00:00:02]}
Kh8 {[%clk 00:01:45]} {[%emt 00:00:03]} 24. g6 {[%clk 00:02:24]} {[%emt
00:00:04]} h6 {[%clk 00:01:38]} {[%emt 00:00:09]} 25. Qg4 {[%clk 00:02:23]}
{[%emt 00:00:02]} Qc7 {[%clk 00:01:37]} {[%emt 00:00:04]} 26. Qh5 {[%clk
00:02:23]} {[%emt 00:00:02]} Rg8 {[%clk 00:01:18]} {[%emt 00:00:21]} 27. Bxh6
{[%clk 00:02:20]} {[%emt 00:00:05]} b4 {[%clk 00:01:08]} {[%emt 00:00:12]} 28.
Bc1# {[%clk 00:02:21]} {[%emt 00:00:01]} 1-0

[Event "Turniej Blitza na II Lidze Juniorów 2018"]
[Site "Szczyrk, Poland"]
[Date "????.??.??"]
[Round "9.34"]
[White "Bar, Klaudia"]
[Black "Gredka, Dominika"]
[Result "0-1"]
[TimeControl "3'+2\""]
[WhiteElo "1337"]
[BlackElo "1782"]

1. d4 {[%clk 00:03:02]} {[%emt 00:00:01]} d5 {[%clk 00:03:04]} 2. Bf4 {[%clk
00:03:02]} {[%emt 00:00:02]} e6 {[%clk 00:03:04]} {[%emt 00:00:01]} 3. e3
{[%clk 00:03:03]} {[%emt 00:00:02]} Nf6 {[%clk 00:03:05]} {[%emt 00:00:01]} 4.
Nf3 {[%clk 00:03:04]} Be7 {[%clk 00:03:06]} 5. c3 {[%clk 00:03:05]} {[%emt
00:00:01]} O-O {[%clk 00:03:06]} {[%emt 00:00:02]} 6. Nbd2 {[%clk 00:03:06]} b6
{[%clk 00:03:07]} 7. Bd3 {[%clk 00:03:07]} {[%emt 00:00:02]} Bb7 {[%clk
00:03:08]} 8. O-O {[%clk 00:03:07]} {[%emt 00:00:02]} c5 {[%clk 00:03:09]}
{[%emt 00:00:01]} 9. Bc2 {[%clk 00:03:08]} {[%emt 00:00:02]} Nbd7 {[%clk
00:03:10]} {[%emt 00:00:01]} 10. Ne5 {[%clk 00:03:05]} {[%emt 00:00:05]} Nxe5
11. Bxe5 Rc8 {[%clk 00:03:03]} {[%emt 00:00:04]} 12. Rc1 {[%clk 00:03:05]}
{[%emt 00:00:03]} cxd4 {[%clk 00:03:01]} {[%emt 00:00:05]} 13. cxd4 {[%clk
00:03:06]} {[%emt 00:00:01]} Bd6 {[%clk 00:02:53]} {[%emt 00:00:11]} 14. Bxd6
{[%clk 00:03:03]} {[%emt 00:00:04]} Qxd6 {[%clk 00:02:55]} {[%emt 00:00:01]} 15.
Bd3 {[%clk 00:03:01]} {[%emt 00:00:04]} Rxc1 {[%clk 00:02:54]} {[%emt
00:00:02]} 16. Qxc1 {[%clk 00:03:02]} {[%emt 00:00:01]} Rc8 {[%clk 00:02:54]}
{[%emt 00:00:02]} 17. Qd1 {[%clk 00:03:03]} {[%emt 00:00:01]} h6 {[%clk
00:02:53]} {[%emt 00:00:04]} 18. Nf3 {[%clk 00:03:04]} {[%emt 00:00:01]} Qb4
{[%clk 00:02:47]} {[%emt 00:00:07]} 19. b3 {[%clk 00:02:53]} {[%emt 00:00:12]}
Qa3 {[%clk 00:02:30]} {[%emt 00:00:20]} 20. Qb1 {[%clk 00:02:45]} {[%emt
00:00:09]} Ne4 {[%clk 00:02:30]} {[%emt 00:00:04]} 21. Bxe4 {[%clk 00:02:34]}
{[%emt 00:00:13]} dxe4 {[%clk 00:02:31]} 22. Ne5 {[%clk 00:02:36]} f6 {[%clk
00:02:19]} {[%emt 00:00:14]} 23. Nc4 {[%clk 00:02:36]} Qb4 {[%clk 00:02:12]}
{[%emt 00:00:08]} 24. a3 {[%clk 00:02:36]} {[%emt 00:00:04]} Qe7 {[%clk
00:02:12]} {[%emt 00:00:01]} 25. Nd2 {[%clk 00:02:31]} {[%emt 00:00:07]} f5
{[%clk 00:02:12]} {[%emt 00:00:03]} 26. Nc4 {[%clk 00:02:27]} {[%emt 00:00:06]}
Bd5 {[%clk 00:02:02]} {[%emt 00:00:11]} 27. Ne5 {[%clk 00:02:26]} {[%emt
00:00:03]} Qxa3 {[%clk 00:01:56]} {[%emt 00:00:08]} 28. b4 {[%clk 00:02:14]}
{[%emt 00:00:14]} a5 {[%clk 00:01:47]} {[%emt 00:00:11]} 29. bxa5 {[%clk
00:02:14]} {[%emt 00:00:02]} bxa5 {[%clk 00:01:39]} {[%emt 00:00:11]} 30. Qb6
{[%clk 00:02:00]} {[%emt 00:00:15]} Rc1 {[%clk 00:01:21]} {[%emt 00:00:21]} 31.
Qb5 {[%clk 00:01:24]} {[%emt 00:00:36]} Rxf1+ {[%clk 00:01:19]} {[%emt
00:00:05]} 32. Qxf1 {[%clk 00:01:25]} {[%emt 00:00:02]} Qb4 {[%clk 00:01:19]}
{[%emt 00:00:01]} 33. h3 {[%clk 00:01:22]} {[%emt 00:00:05]} Qb6 {[%clk
00:01:09]} {[%emt 00:00:12]} 34. Nd7 {[%clk 00:01:14]} {[%emt 00:00:10]} Qb7
{[%clk 00:00:58]} {[%emt 00:00:12]} 35. Nc5 {[%clk 00:01:12]} {[%emt 00:00:05]}
Qc6 {[%clk 00:00:56]} {[%emt 00:00:03]} 36. Qa1 {[%clk 00:01:07]} {[%emt
00:00:07]} Qc7 {[%clk 00:00:41]} {[%emt 00:00:18]} 37. Qa4 {[%clk 00:01:05]}
{[%emt 00:00:04]} Kh7 {[%clk 00:00:38]} {[%emt 00:00:05]} 38. Kf1 {[%clk
00:00:55]} {[%emt 00:00:12]} e5 {[%clk 00:00:35]} {[%emt 00:00:04]} 39. Qe8
{[%clk 00:00:43]} {[%emt 00:00:14]} exd4 {[%clk 00:00:31]} {[%emt 00:00:06]} 40.
exd4 {[%clk 00:00:45]} Bc4+ {[%clk 00:00:27]} {[%emt 00:00:06]} 41. Kg1 {[%clk
00:00:44]} {[%emt 00:00:03]} Qf4 {[%clk 00:00:20]} {[%emt 00:00:08]} 42. Qa4
{[%clk 00:00:33]} {[%emt 00:00:11]} Qc1+ {[%clk 00:00:14]} {[%emt 00:00:10]} 43.
Kh2 {[%clk 00:00:34]} Qf4+ {[%clk 00:00:05]} {[%emt 00:00:12]} 44. Kg1 {[%clk
00:00:35]} {[%emt 00:00:03]} Qc1+ {[%clk 00:00:05]} {[%emt 00:00:01]} 45. Kh2
{[%clk 00:00:35]} {[%emt 00:00:02]} Bd3 {[%clk 00:00:03]} {[%emt 00:00:03]} 46.
Qxa5 {[%clk 00:00:22]} {[%emt 00:00:15]} Qf4+ {[%clk 00:00:04]} {[%emt
00:00:01]} 47. Kg1 {[%clk 00:00:21]} {[%emt 00:00:03]} Qe5 {[%clk 00:00:04]}
{[%emt 00:00:02]} 48. Qc3 {[%clk 00:00:14]} {[%emt 00:00:09]} Be2 {[%emt
00:00:02]} 49. Qd2 {[%clk 00:00:07]} {[%emt 00:00:08]} Bd3 {[%clk 00:00:04]}
{[%emt 00:00:04]} 50. Nxd3 {[%clk 00:00:04]} {[%emt 00:00:05]} exd3 {[%clk
00:00:04]} {[%emt 00:00:02]} 51. Qxd3 {[%clk 00:00:05]} {[%emt 00:00:01]} Qe1+
{[%clk 00:00:04]} 52. Kh2 {[%clk 00:00:05]} {[%emt 00:00:02]} Qxf2 {[%clk
00:00:05]} 53. Qf3 {[%emt 00:00:05]} Qc2 {[%emt 00:00:02]} 54. Qd5 {[%emt
00:00:03]} Qc7+ {[%emt 00:00:04]} 55. Kg1 {[%emt 00:00:02]} Qf4 {[%emt
00:00:01]} 56. Qc6 {[%emt 00:00:02]} Qxd4+ 57. Kh1 {[%emt 00:00:02]} 0-1

[Event "Turniej Blitza na II Lidze Juniorów 2018"]
[Site "Szczyrk, Poland"]
[Date "????.??.??"]
[Round "9.22"]
[White "Kawaler, Adam"]
[Black "Chodorowski, Adrian"]
[Result "1/2-1/2"]
[TimeControl "3'+2\""]
[WhiteElo "1602"]
[BlackElo "1401"]

1. d4 {[%emt 00:01:14]} d5 2. Nf3 {[%emt 00:00:01]} Nc6 {[%emt 00:00:02]} 3. c4
{[%emt 00:00:01]} Nf6 {[%emt 00:00:09]} 4. Nc3 {[%emt 00:00:01]} Bf5 {[%emt
00:00:12]} 5. a3 {[%emt 00:00:02]} a5 {[%emt 00:00:03]} 6. e3 {[%emt 00:00:12]}
e6 {[%emt 00:00:02]} 7. cxd5 {[%emt 00:00:05]} Nxd5 {[%emt 00:00:01]} 8. Nxd5
{[%emt 00:00:10]} Qxd5 {[%emt 00:00:01]} 9. Bd2 {[%emt 00:00:15]} Bd6 10. Rc1
{[%emt 00:00:02]} O-O {[%emt 00:00:05]} 11. Bc4 {[%emt 00:00:09]} Qe4 {[%emt
00:00:07]} 12. O-O {[%emt 00:00:05]} Bg4 {[%emt 00:00:01]} 13. h3 {[%emt
00:00:17]} Bxf3 {[%emt 00:00:08]} 14. Qxf3 {[%emt 00:00:02]} Qxf3 15. gxf3 Ne7
{[%emt 00:00:14]} 16. e4 {[%emt 00:00:05]} c6 {[%emt 00:00:05]} 17. Bg5 {[%emt
00:00:23]} Ng6 {[%emt 00:00:02]} 18. h4 {[%emt 00:00:24]} h6 {[%emt 00:00:07]}
19. h5 {[%emt 00:00:06]} Nf4 {[%emt 00:00:05]} 20. Bxf4 {[%emt 00:00:03]} Bxf4
21. Rcd1 {[%emt 00:00:04]} Rfd8 {[%emt 00:00:07]} 22. d5 {[%emt 00:00:03]} cxd5
{[%emt 00:00:06]} 23. exd5 {[%emt 00:00:02]} exd5 {[%emt 00:00:06]} 24. Bxd5
{[%emt 00:00:10]} Rd7 {[%emt 00:00:15]} 25. Be4 Rad8 {[%emt 00:00:03]} 26. Bc2
{[%emt 00:00:21]} Rxd1 {[%emt 00:00:14]} 27. Rxd1 Rxd1+ {[%emt 00:00:03]} 28.
Bxd1 {[%emt 00:00:01]} b6 {[%emt 00:00:02]} 29. a4 {[%emt 00:00:03]} g6 30.
hxg6 {[%emt 00:00:04]} fxg6 31. Kf1 {[%emt 00:00:12]} g5 32. Bc2 {[%emt
00:00:03]} Kf7 {[%emt 00:00:01]} 33. Bf5 {[%emt 00:00:07]} Kf6 {[%emt
00:00:02]} 34. Bg4 {[%emt 00:00:01]} Ke5 {[%emt 00:00:01]} 35. Ke2 {[%emt
00:00:02]} Kd4 36. Kd1 {[%emt 00:00:03]} Kc4 {[%emt 00:00:15]} 37. Be6+ {[%emt
00:00:04]} Kb4 {[%emt 00:00:02]} 38. b3 {[%emt 00:00:02]} h5 {[%emt 00:00:11]}
39. Ke1 {[%emt 00:00:02]} h4 40. Kf1 Kc3 {[%emt 00:00:19]} 41. Ke2 {[%emt
00:00:01]} Kd4 {[%emt 00:00:04]} 42. Bf5 {[%emt 00:00:06]} Ke5 {[%emt
00:00:02]} 43. Bd7 {[%emt 00:00:02]} Kd4 {[%emt 00:00:04]} 44. Bf5 {[%emt
00:00:03]} Kc3 {[%emt 00:00:01]} 45. Be6 h3 {[%emt 00:00:08]} 46. Bxh3 {[%emt
00:00:02]} Kxb3 {[%emt 00:00:01]} 47. Bd7 {[%emt 00:00:01]} 1/2-1/2

[Event "Turniej Blitza na II Lidze Juniorów 2018"]
[Site "Szczyrk, Poland"]
[Date "????.??.??"]
[Round "9.60"]
[White "Franc, Piotr"]
[Black "Szopa, Emilia"]
[Result "0-1"]
[TimeControl "3'+2\""]
[WhiteElo "1135"]
[BlackElo "1323"]

1. e4 {[%clk 00:03:02]} {[%emt 00:00:01]} e5 {[%clk 00:03:04]} 2. Nf3 {[%clk
00:03:03]} {[%emt 00:00:02]} Nc6 {[%clk 00:03:05]} {[%emt 00:00:01]} 3. Bc4
{[%clk 00:03:04]} Bc5 {[%clk 00:03:06]} {[%emt 00:00:01]} 4. c3 {[%clk
00:03:05]} Nf6 {[%clk 00:03:06]} {[%emt 00:00:02]} 5. d4 {[%clk 00:03:04]}
{[%emt 00:00:04]} exd4 {[%clk 00:03:06]} 6. cxd4 {[%clk 00:03:05]} {[%emt
00:00:01]} Bb4+ {[%clk 00:03:07]} 7. Nc3 {[%clk 00:03:06]} Nxe4 {[%clk
00:03:07]} {[%emt 00:00:03]} 8. O-O {[%clk 00:03:06]} {[%emt 00:00:02]} Bxc3
{[%clk 00:03:07]} {[%emt 00:00:01]} 9. bxc3 {[%clk 00:03:08]} {[%emt 00:00:01]}
O-O {[%clk 00:03:02]} {[%emt 00:00:07]} 10. Qd3 {[%clk 00:03:06]} {[%emt
00:00:04]} Nf6 {[%clk 00:02:56]} {[%emt 00:00:09]} 11. Bg5 {[%clk 00:03:06]}
{[%emt 00:00:02]} h6 {[%clk 00:02:56]} {[%emt 00:00:01]} 12. Bxf6 {[%clk
00:03:03]} {[%emt 00:00:05]} Qxf6 {[%clk 00:02:55]} {[%emt 00:00:04]} 13. d5
{[%clk 00:03:00]} {[%emt 00:00:05]} Na5 {[%clk 00:02:54]} {[%emt 00:00:02]} 14.
Bb3 {[%clk 00:02:56]} {[%emt 00:00:06]} d6 {[%clk 00:02:49]} {[%emt 00:00:07]}
15. Qd4 {[%clk 00:02:51]} {[%emt 00:00:07]} Qg6 {[%clk 00:02:39]} {[%emt
00:00:12]} 16. Rfe1 {[%clk 00:02:40]} {[%emt 00:00:14]} Nxb3 {[%clk 00:02:20]}
{[%emt 00:00:20]} 17. axb3 {[%clk 00:02:40]} {[%emt 00:00:01]} Bh3 {[%clk
00:02:21]} {[%emt 00:00:02]} 18. g3 {[%clk 00:02:39]} {[%emt 00:00:03]} Qf5
{[%clk 00:02:22]} {[%emt 00:00:01]} 19. Nh4 {[%clk 00:02:33]} {[%emt 00:00:08]}
Qh5 {[%clk 00:02:12]} {[%emt 00:00:08]} 20. Rxa7 {[%clk 00:02:11]} {[%emt
00:00:28]} Rxa7 {[%clk 00:02:01]} {[%emt 00:00:14]} 21. Qxa7 {[%clk 00:02:12]}
{[%emt 00:00:01]} Qxd5 {[%clk 00:02:00]} {[%emt 00:00:02]} 22. c4 {[%clk
00:02:04]} {[%emt 00:00:10]} Qd2 {[%clk 00:01:54]} {[%emt 00:00:07]} 23. Qe3
{[%clk 00:01:59]} {[%emt 00:00:07]} Qb4 {[%clk 00:01:47]} {[%emt 00:00:09]} 24.
Qe4 {[%clk 00:01:17]} {[%emt 00:00:44]} Qxb3 {[%clk 00:01:28]} {[%emt
00:00:23]} 25. Rb1 {[%clk 00:01:14]} {[%emt 00:00:05]} Qc3 {[%clk 00:01:23]}
{[%emt 00:00:05]} 26. Nf3 {[%clk 00:00:59]} {[%emt 00:00:18]} b6 {[%clk
00:01:06]} {[%emt 00:00:20]} 27. Re1 {[%clk 00:00:45]} {[%emt 00:00:15]} Rb8
{[%clk 00:00:47]} {[%emt 00:00:19]} 28. Qc6 {[%clk 00:00:33]} {[%emt 00:00:14]}
Bg4 {[%clk 00:00:30]} {[%emt 00:00:22]} 29. Qxc7 {[%clk 00:00:20]} {[%emt
00:00:15]} Rc8 {[%clk 00:00:29]} {[%emt 00:00:02]} 30. Qb7 {[%clk 00:00:12]}
{[%emt 00:00:11]} Qxf3 {[%clk 00:00:20]} {[%emt 00:00:11]} 31. Qxf3 {[%clk
00:00:11]} {[%emt 00:00:02]} Bxf3 {[%clk 00:00:20]} {[%emt 00:00:02]} 32. Re3
{[%clk 00:00:12]} {[%emt 00:00:02]} Bh5 {[%clk 00:00:21]} {[%emt 00:00:01]} 33.
h3 {[%emt 00:00:05]} Bg6 {[%clk 00:00:21]} 34. Rb3 {[%clk 00:00:08]} {[%emt
00:00:04]} Rxc4 {[%clk 00:00:21]} {[%emt 00:00:02]} 35. Rxb6 {[%clk 00:00:09]}
{[%emt 00:00:01]} d5 {[%clk 00:00:22]} 36. Rd6 {[%clk 00:00:09]} {[%emt
00:00:02]} Be4 {[%clk 00:00:23]} {[%emt 00:00:01]} 37. Kf1 {[%emt 00:00:07]}
Bf3 {[%clk 00:00:24]} 38. Rd8+ {[%emt 00:00:06]} Kh7 {[%emt 00:00:01]} 0-1

[Event "Turniej Blitza na II Lidze Juniorów 2018"]
[Site "Szczyrk, Poland"]
[Date "????.??.??"]
[Round "9.20"]
[White "Hampel, Anna"]
[Black "Ziemniak, Piotr"]
[Result "0-1"]
[TimeControl "3'+2\""]
[WhiteElo "1449"]
[BlackElo "1737"]

1. e4 {[%clk 00:03:02]} {[%emt 00:01:31]} c5 {[%clk 00:03:00]} {[%emt
00:00:07]} 2. Nf3 {[%clk 00:03:03]} d6 {[%clk 00:03:01]} {[%emt 00:00:02]} 3.
d4 {[%clk 00:03:05]} cxd4 {[%clk 00:03:02]} 4. Nxd4 {[%clk 00:03:06]} Nf6
{[%clk 00:03:03]} {[%emt 00:00:03]} 5. Nc3 {[%clk 00:03:07]} a6 {[%emt
00:00:04]} 6. f3 {[%clk 00:03:02]} {[%emt 00:00:06]} e5 {[%clk 00:03:03]}
{[%emt 00:00:02]} 7. Nb3 {[%clk 00:03:02]} {[%emt 00:00:01]} Be6 {[%clk
00:03:04]} {[%emt 00:00:01]} 8. Be3 {[%clk 00:03:03]} Be7 {[%clk 00:03:04]}
{[%emt 00:00:03]} 9. Qd2 {[%clk 00:03:04]} Qc7 {[%clk 00:03:05]} {[%emt
00:00:02]} 10. O-O-O {[%clk 00:03:02]} {[%emt 00:00:05]} O-O {[%clk 00:02:59]}
{[%emt 00:00:08]} 11. g4 {[%clk 00:03:03]} {[%emt 00:00:01]} b5 {[%clk
00:03:00]} {[%emt 00:00:01]} 12. g5 {[%clk 00:03:03]} {[%emt 00:00:02]} Nh5
{[%clk 00:02:59]} {[%emt 00:00:03]} 13. h4 {[%clk 00:02:55]} {[%emt 00:00:10]}
Nd7 {[%clk 00:02:59]} {[%emt 00:00:01]} 14. Be2 {[%clk 00:02:55]} {[%emt
00:00:02]} Rfc8 {[%clk 00:02:54]} {[%emt 00:00:07]} 15. f4 {[%clk 00:02:49]}
{[%emt 00:00:08]} Nxf4 {[%clk 00:02:51]} {[%emt 00:00:05]} 16. Bxf4 {[%clk
00:02:50]} {[%emt 00:00:02]} exf4 {[%clk 00:02:49]} {[%emt 00:00:03]} 17. Bd3
{[%clk 00:02:47]} {[%emt 00:00:05]} Ne5 {[%clk 00:02:46]} {[%emt 00:00:05]} 18.
Kb1 {[%clk 00:02:45]} {[%emt 00:00:05]} f3 {[%clk 00:02:37]} {[%emt 00:00:11]}
19. Nd5 {[%clk 00:02:35]} {[%emt 00:00:12]} Bxd5 {[%clk 00:02:26]} {[%emt
00:00:13]} 20. exd5 {[%clk 00:02:36]} Nc4 {[%clk 00:02:22]} {[%emt 00:00:06]}
21. Bxc4 {[%clk 00:02:33]} {[%emt 00:00:05]} bxc4 {[%clk 00:02:23]} {[%emt
00:00:01]} 22. Nd4 {[%clk 00:02:31]} {[%emt 00:00:03]} c3 {[%clk 00:02:12]}
{[%emt 00:00:14]} 23. Qxc3 {[%clk 00:02:27]} {[%emt 00:00:06]} Qxc3 {[%clk
00:02:13]} {[%emt 00:00:01]} 24. bxc3 {[%clk 00:02:28]} {[%emt 00:00:01]} Rxc3
{[%clk 00:02:13]} 25. Nc6 {[%clk 00:02:29]} {[%emt 00:00:01]} Bf8 {[%clk
00:02:14]} {[%emt 00:00:02]} 26. Kb2 {[%clk 00:02:27]} {[%emt 00:00:04]} Re3
{[%clk 00:02:10]} {[%emt 00:00:05]} 27. Rde1 {[%clk 00:02:21]} {[%emt
00:00:08]} Rae8 {[%clk 00:02:11]} {[%emt 00:00:02]} 28. Rxe3 {[%clk 00:02:12]}
{[%emt 00:00:11]} Rxe3 {[%clk 00:02:11]} {[%emt 00:00:02]} 29. Rf1 {[%clk
00:02:12]} {[%emt 00:00:01]} g6 {[%clk 00:02:12]} {[%emt 00:00:01]} 30. Kc1
{[%clk 00:02:12]} {[%emt 00:00:02]} Bg7 {[%clk 00:02:02]} {[%emt 00:00:13]} 31.
Kd2 {[%clk 00:02:12]} {[%emt 00:00:01]} Ra3 {[%clk 00:02:02]} {[%emt 00:00:02]}
32. Rf2 {[%clk 00:01:56]} {[%emt 00:00:19]} Bc3+ {[%clk 00:01:52]} {[%emt
00:00:12]} 33. Kd1 {[%clk 00:01:54]} {[%emt 00:00:04]} Bb2 {[%clk 00:01:39]}
{[%emt 00:00:15]} 34. Rf1 {[%clk 00:01:37]} {[%emt 00:00:19]} Kg7 {[%clk
00:01:39]} {[%emt 00:00:02]} 35. Kd2 {[%clk 00:01:31]} {[%emt 00:00:07]} h6
{[%clk 00:01:39]} {[%emt 00:00:03]} 36. Ke1 {[%clk 00:01:27]} {[%emt 00:00:06]}
hxg5 {[%clk 00:01:34]} {[%emt 00:00:06]} 37. hxg5 {[%clk 00:01:28]} {[%emt
00:00:02]} Bc1 {[%clk 00:01:35]} 38. Nb4 {[%clk 00:01:23]} {[%emt 00:00:07]}
Bxg5 {[%clk 00:01:30]} {[%emt 00:00:07]} 39. Kf2 {[%clk 00:01:24]} {[%emt
00:00:02]} Be3+ {[%clk 00:01:27]} {[%emt 00:00:03]} 40. Ke1 {[%clk 00:01:21]}
{[%emt 00:00:06]} f2+ {[%clk 00:01:28]} {[%emt 00:00:02]} 41. Ke2 {[%clk
00:01:23]} Bc5 {[%clk 00:01:28]} 42. Nd3 {[%clk 00:01:23]} {[%emt 00:00:02]}
Rxa2 {[%clk 00:01:26]} {[%emt 00:00:04]} 43. Kd2 {[%clk 00:01:21]} {[%emt
00:00:04]} Bd4 {[%clk 00:01:22]} {[%emt 00:00:06]} 44. Nxf2 {[%clk 00:01:17]}
{[%emt 00:00:06]} Ra5 {[%clk 00:01:14]} {[%emt 00:00:10]} 45. Nd3 {[%clk
00:00:57]} {[%emt 00:00:23]} Rxd5 {[%clk 00:01:09]} {[%emt 00:00:07]} 46. Nb4
{[%clk 00:00:53]} {[%emt 00:00:05]} Ra5 {[%clk 00:01:07]} {[%emt 00:00:03]} 47.
Kd3 {[%clk 00:00:50]} {[%emt 00:00:06]} Bc5 {[%clk 00:01:08]} {[%emt 00:00:02]}
48. Nd5 {[%clk 00:00:49]} {[%emt 00:00:03]} Ra3+ {[%clk 00:01:08]} {[%emt
00:00:02]} 49. Kc4 {[%clk 00:00:43]} {[%emt 00:00:07]} f5 {[%clk 00:01:00]}
{[%emt 00:00:10]} 50. Re1 {[%clk 00:00:44]} {[%emt 00:00:02]} Kh6 {[%clk
00:01:00]} {[%emt 00:00:02]} 51. Rh1+ {[%clk 00:00:44]} {[%emt 00:00:02]} Kg5
{[%clk 00:01:01]} 52. Rg1+ {[%clk 00:00:44]} {[%emt 00:00:02]} Kh6 {[%clk
00:01:02]} 53. Rh1+ {[%clk 00:00:46]} Kg7 {[%clk 00:01:03]} 54. Re1 {[%clk
00:00:46]} {[%emt 00:00:02]} f4 {[%clk 00:01:00]} {[%emt 00:00:05]} 55. Re7+
{[%clk 00:00:46]} {[%emt 00:00:02]} Kh6 {[%clk 00:01:01]} 56. Rf7 {[%clk
00:00:36]} {[%emt 00:00:12]} f3 {[%clk 00:01:01]} {[%emt 00:00:02]} 57. Rf6
{[%clk 00:00:33]} {[%emt 00:00:05]} f2 {[%clk 00:00:56]} {[%emt 00:00:07]} 58.
Nf4 {[%clk 00:00:07]} {[%emt 00:00:27]} Kg5 {[%clk 00:00:51]} {[%emt 00:00:07]}
59. Rxg6+ {[%clk 00:00:04]} {[%emt 00:00:05]} Kxf4 {[%clk 00:00:52]} {[%emt
00:00:01]} 60. Rf6 {[%clk 00:00:06]} Kg3 {[%clk 00:00:53]} 61. Rg6+ {[%clk
00:00:07]} {[%emt 00:00:02]} Kf3 {[%clk 00:00:54]} 62. Rf6+ {[%clk 00:00:08]}
Ke2 {[%clk 00:00:56]} 63. Re6+ {[%clk 00:00:09]} {[%emt 00:00:01]} Kd1 {[%clk
00:00:57]} 64. Rf6 {[%clk 00:00:08]} {[%emt 00:00:04]} Kxc2 {[%clk 00:00:54]}
{[%emt 00:00:05]} 65. Kd5 {[%clk 00:00:09]} {[%emt 00:00:01]} Ra1 {[%emt
00:00:12]} 0-1

[Event "Turniej Blitza na II Lidze Juniorów 2018"]
[Site "Szczyrk, Poland"]
[Date "????.??.??"]
[Round "9.51"]
[White "Obrochta, Lena"]
[Black "Wasik, Roman"]
[Result "1-0"]
[TimeControl "3'+2\""]
[WhiteElo "1219"]
[BlackElo "1369"]

1. e4 {[%emt 00:00:12]} c5 {[%emt 00:00:03]} 2. Nc3 {[%emt 00:00:01]} d6 {[%emt
00:00:02]} 3. f4 {[%emt 00:00:02]} Nc6 {[%emt 00:00:06]} 4. Nf3 {[%emt
00:00:01]} e6 {[%emt 00:00:03]} 5. Bb5 {[%emt 00:00:01]} Bd7 {[%emt 00:00:02]}
6. O-O {[%emt 00:00:02]} Be7 {[%emt 00:00:01]} 7. d3 {[%emt 00:00:01]} Nf6
{[%emt 00:00:02]} 8. Bd2 {[%emt 00:00:01]} O-O {[%emt 00:00:09]} 9. Qe1 {[%emt
00:00:01]} Nd4 {[%emt 00:00:02]} 10. Bxd7 {[%emt 00:00:10]} Qxd7 {[%emt
00:00:02]} 11. Nxd4 {[%emt 00:00:01]} cxd4 {[%emt 00:00:01]} 12. Ne2 {[%emt
00:00:02]} e5 {[%emt 00:00:01]} 13. f5 {[%emt 00:00:02]} Rac8 {[%emt 00:00:02]}
14. Rc1 {[%emt 00:00:01]} Qa4 {[%emt 00:00:10]} 15. Qg3 {[%emt 00:00:09]} Rxc2
{[%emt 00:00:21]} 16. Rxc2 {[%emt 00:00:08]} Qxc2 {[%emt 00:00:01]} 17. Bh6
{[%emt 00:00:03]} Nh5 {[%emt 00:00:02]} 18. Qg4 {[%emt 00:00:02]} g6 {[%emt
00:00:28]} 19. Bxf8 {[%emt 00:00:10]} Bxf8 {[%emt 00:00:06]} 20. fxg6 {[%emt
00:00:10]} hxg6 {[%emt 00:00:04]} 21. Qf3 {[%emt 00:00:08]} f6 {[%emt
00:00:23]} 22. g4 {[%emt 00:00:13]} Nf4 {[%emt 00:00:12]} 23. Nxf4 {[%emt
00:00:04]} exf4 {[%emt 00:00:01]} 24. Qxf4 {[%emt 00:00:04]} Be7 {[%emt
00:00:04]} 25. Qf3 {[%emt 00:00:09]} Qxb2 {[%emt 00:00:03]} 26. g5 Qb5 {[%emt
00:00:46]} 27. gxf6 {[%emt 00:00:16]} Qg5+ {[%emt 00:00:04]} 28. Kh1 {[%emt
00:00:05]} Bf8 {[%emt 00:00:18]} 29. f7+ {[%emt 00:00:04]} Kg7 {[%emt
00:00:06]} 30. Qf2 {[%emt 00:00:21]} Qe5 {[%emt 00:00:04]} 31. Rg1 {[%emt
00:00:11]} d5 32. Qg2 {[%emt 00:00:06]} Qf6 {[%emt 00:00:07]} 33. Rf1 {[%emt
00:00:08]} Qe5 {[%emt 00:00:06]} 34. exd5 {[%emt 00:00:02]} Qe3 {[%emt
00:00:06]} 35. Qf3 {[%emt 00:00:22]} Qe5 {[%emt 00:00:07]} 1-0